000 00392nam a2200181Ia 4500
100 _aPincus/ Marilyn
650 _aGeneral
250 _a3
490 _v01-Mar
942 _cBK
654 _aProjecting positive image
245 _aProjecting a Positive image
260 _bBarrons
_aNew York
_c1993
082 _a650.14
_bPIN
300 _a105
546 _aENGLISH
999 _c26200
_d26200